Annual report 2006 Slovak insurance association

Saved in:
Bibliographic Details
Format: Book
Language:English
Slovak
Published: Bratislava Slovak insurance association 2007
Subjects:
Tags: Add Tag
No Tags, Be the first to tag this record!

MARC

LEADER 00000nam$a2200000$$$4500
001 0071100
005 20230324125830.5
041 0 |a eng 
041 0 |a slo 
044 |a SK 
245 1 0 |a Annual report 2006  |b Slovak insurance association 
264 1 |a Bratislava  |b Slovak insurance association  |c 2007 
300 |a 72 s.  |e 1 príloha (Ministatistics 2006) 
610 2 0 |a poisťovne 
610 2 0 |a poisťovníctvo 
610 2 0 |a trh poistný 
610 2 0 |a poistenie 
610 2 0 |a rezervy technické 
610 2 0 |a audítori 
610 2 0 |a aktuári 
610 2 0 |a Slovensko